Т. 2; Иллюстрированная история религий

מידע ביבליוגרפי
Parent link:Иллюстрированная история религий/ Под ред. Д. П. де ля Соссей Шантепи. Т. 2.— 2-е изд..— , 1993
שפה:רוסית
יצא לאור: 1993
נושאים:
פורמט: ספר
KOHA link:https://koha.lib.tpu.ru/cgi-bin/koha/opac-detail.pl?biblionumber=18826

MARC

LEADER 00000nam0a2200000 4500
001 18826
005 20231030191431.0
010 |a 5730207832 
035 |a (RuTPU)RU\TPU\book\18980 
035 |a BOOK00003668 
090 |a 18826 
100 |a 20011209d1993 km y0rusy50 ca 
101 0 |a rus 
102 |a RU 
105 |a a z 000zy 
200 0 |a Т. 2 
210 |d 1993 
215 |a 525 с.  |c ил. 
461 |t Иллюстрированная история религий  |v Т. 2  |f Под ред. Д. П. де ля Соссей Шантепи  |e 2-е изд.  |d 1993 
610 1 |a религия 
610 1 |a суеверия 
610 1 |a предрассудки 
610 1 |a история 
610 1 |a оккультизм 
610 1 |a магия 
610 1 |a Индия 
610 1 |a Джайнизм 
610 1 |a буддизм 
610 1 |a индуизм 
610 1 |a персы 
610 1 |a зороастризм 
686 |a Э29  |v LBC/SL-A  |2 rubbk 
801 0 |a RU  |b 63413507  |c 20011209  |g PSBO 
801 2 |a RU  |b 63413507  |c 20080416  |g PSBO 
942 |c BK